00848nam a2200241 450000100060000000300080000600500170001400800410003102000150007203500190008704000270010604100110013308200260014410000530017024501400022326000360036330000320039950000860043150400300051765000180054770000240056570000170058911093BD-RjUL20211208235053.0140126s1973 nyua 00| 0 eng d a0306305771 a(BD-RjUL)11142 aDLCcDLCdBD-RjULbeng1 aengrus00a572.886bVEP 19732231 aVenkstern, T. V.q(Tatʹi︠a︡na Vladimirovna)14aThe primary structure of transfer RNA /c T. V. Venkstern. Translated editor: James T. Madison. Translated from Russian by Basil Haigh. aNew York :bPlenum Press,c1973 ax, 296 p. :bill. ;c24 cm. aTranslation of Pervichnai︠a︡ struktura transportnykh ribonukleinovykh kislot. aBibliography and Indexes 0aTransfer RNA. a James T. Madison.  a Basil Haigh